| 000 | 01221nam0a22002651 4500 | ||
|---|---|---|---|
| 001 | rc\764006 | ||
| 005 | 20040301142738.7 | ||
| 035 | _a(NLR Aleph) 006291364 | ||
| 090 |
_a7153346 _c7153346 |
||
| 100 | _a20040301d1985 u |0rusy50 ca | ||
| 101 | 0 | _arus | |
| 102 | _aRU | ||
| 105 | _ay ||||||||| | ||
| 200 | 1 |
_aРАЗЪЯСНЕНИЕ вреда пагубных привычек и пропаганда укрепляющих здоровье факторов _e(Метод. рекомендации) _fВорошиловгр. мед. ин-т и др. _g[Сост. к. м. н., доц. Г.В. Бесполудина, врач В.А. Гапон] |
|
| 210 |
_aВорошиловград _cБ. и. _d1985 |
||
| 215 |
_a31 с. _d20 |
||
| 300 | _aВ надзаг. также: Ворошиловгр. обл. дом сан. просвещения, Ворошиловгр. обл. орг. о-ва "Знание" | ||
| 320 | _aБиблиогр.: с. 31 | ||
| 702 | 1 |
_aБесполудина _bГ. В. _gГалина Васильевна _4220 |
|
| 712 | 0 | 2 |
_aЛуганский мед. ин-т _3RU\NLR\AUTH\883226 |
| 801 | 0 |
_aRU _bNLR _gpsbo |
|
| 801 | 1 |
_aRU _bELAR _2rusmarc |
|
| 852 |
_aNLR _j87-4/15199 |
||
| 942 | _cBOOK | ||
| 980 | _aNB | ||